| 000 -LEADER |
| fixed length control field |
00709nam a22002297a 4500 |
| 001 - CONTROL NUMBER |
| control field |
13873 |
| 003 - CONTROL NUMBER IDENTIFIER |
| control field |
BD-DhUAP |
| 005 - DATE AND TIME OF LATEST TRANSACTION |
| control field |
20200309144258.0 |
| 008 - FIXED-LENGTH DATA ELEMENTS--GENERAL INFORMATION |
| fixed length control field |
191104r20092005enka 001 0 eng |
| 020 ## - INTERNATIONAL STANDARD BOOK NUMBER |
| International Standard Book Number |
9788126509157 |
| 040 ## - CATALOGING SOURCE |
| Original cataloging agency |
BD-DhUAP |
| Transcribing agency |
BD-DhUAP |
| Modifying agency |
BD-DhUAP |
| Language of cataloging |
Eng |
| 082 00 - DEWEY DECIMAL CLASSIFICATION NUMBER |
| Edition number |
23 |
| Classification number |
621.3815 UYE |
| 100 ## - MAIN ENTRY--PERSONAL NAME |
| Personal name |
Uyemura, John P. |
| 245 ## - TITLE STATEMENT |
| Title |
Introduction to VLSI circuits and systems / |
| Statement of responsibility, etc. |
John P. Uyemura. |
| 250 ## - EDITION STATEMENT |
| Edition statement |
Willy st. ed. |
| 260 ## - PUBLICATION, DISTRIBUTION, ETC. |
| Place of publication, distribution, etc. |
New York : |
| Name of publisher, distributor, etc. |
Wiley, |
| Date of publication, distribution, etc. |
c2002 [Reprinted 2009]. |
| 300 ## - PHYSICAL DESCRIPTION |
| Extent |
xii, 642 pages : |
| Other physical details |
illustrations ; |
| Dimensions |
23 cm. |
| 500 ## - GENERAL NOTE |
| General note |
Includes index. |
| 650 ## - SUBJECT ADDED ENTRY--TOPICAL TERM |
| Topical term or geographic name entry element |
Integrated circuits |
| Form subdivision |
Very large scale integration |
| 650 ## - SUBJECT ADDED ENTRY--TOPICAL TERM |
| Topical term or geographic name entry element |
Digital electronics. |
| 942 ## - ADDED ENTRY ELEMENTS (KOHA) |
| Source of classification or shelving scheme |
|
| Koha item type |
Book |